Investment attractiveness of Slovak Republic and its determinants
Problematika determinantov investičnej atraktívnosti Slovenska, ktorých vývoj je podmienený rozhodnutiami zahraničných investorov o lokalizácii ich priamych zahraničných investícií (PZI). Determinanty priamo ovplyvňujúce celkový vývoj ekonomiky a podmienky pre zahraničných investorov. Pozícia Sloven...
Salvato in:
| Autore principale: | |
|---|---|
| Natura: | Capitolo di libro |
| Lingua: | inglese |
| Soggetti: | |
| Tags: |
Nessun Tag, puoi essere il primo ad aggiungerne!!
|
MARC
| LEADER | 00000naa a2200000 4500 | ||
|---|---|---|---|
| 001 | 0231206 | ||
| 005 | 20240417075121.0 | ||
| 041 | 0 | |a eng | |
| 044 | |a UA | ||
| 245 | 1 | 0 | |a Investment attractiveness of Slovak Republic and its determinants |c Judita Táncošová |
| 520 | |a Problematika determinantov investičnej atraktívnosti Slovenska, ktorých vývoj je podmienený rozhodnutiami zahraničných investorov o lokalizácii ich priamych zahraničných investícií (PZI). Determinanty priamo ovplyvňujúce celkový vývoj ekonomiky a podmienky pre zahraničných investorov. Pozícia Slovenska v konkurencii s ostatnými krajinami V4. | ||
| 610 | 2 | 0 | |a investície priame zahraničné |
| 610 | 2 | 0 | |a faktory rastu hospodárskeho |
| 610 | 2 | 0 | |a prostredie podnikateľské |
| 610 | 2 | 0 | |a Slovensko |
| 610 | 2 | 0 | |a Vyšehradská štvorka |
| 610 | 2 | 0 | |a porovnanie medzinárodné |
| 610 | 2 | 0 | |a konkurencieschopnosť |
| 100 | 1 | |a Táncošová, Judita | |